LEADER 01010nam a2200181 i 4500 001 000000255576 003 CaOOAMICUS 005 20171006000000.0 008 171006s1819 xx u000 u fre u 013 $a234484 026 $aesan eril eses laka (3) 1819 (A) 040 $aSeMil$bita 245 10$aTome 4. 300 $a[4], 502, [2] p., [1] c. di tav. ripieg. :$bill. 773 0 $aClément, François <1713-1793>$tArt de vérifier les dates des faits historiques, des inscriptions, des chroniques, et autres anciens monuments, avant l'ère chrétienne ... Par un religieux de la Congrégation de Saint-Maur ... Tome 1. [-5.].$bImprime pour la premiere fois sur les manuscrits des Benedictins, mis en ordre par M. de Saint-Allais ...$dA Paris : Chez Moreau, imprimeur de S.A.R. Madame, successeur de M. Valade, rue Coquillière, n. 27, 1819$g4$w()8102 850 $aSeMil 852 $aSeMil$W1$xVenegono$y1$m3V II 4 FA$j205922$B205922$CSeMilBibl$Z2$F219336 $8I 996 $6245$aTome 4$9(OLS)http://semarc/title/1585 LEADER 00614nab a2200145 i 4500 001 000000306051 003 CaOOAMICUS 005 20180831172849.0 008 180831n it uu u0 0ita r 013 $a14399 040 $aSeMil$bita 100 1 $aBiondi, Ciro .$0(OLS)http://semarc/name/87355 245 10$aEvangelizzare :$b«Amoriser le monde» [Editoriale]. - In : Servizio PUM, Pontificia Unione Missionaria. 773 0 $tSydney, missione giovani.$gp.I-VII$w()269229 996 $6245$aEvangelizzare :$b«Amoriser le monde» [Editoriale]. - In : Servizio PUM, Pontificia Unione Missionaria.$9(OLS)http://semarc/title/381507